000 00566nam a2200157 a 4500
001 000044258
005 20201002045241.0
008 140611s2005 dr 000 0 spa d
040 _aDO-SdBNP
_bspa
_cBNPHU
100 1 _aValdez, Carlos
_972263
245 1 3 _aLa rotonda del infierno /
_aCarlos Valdez.
246 1 4 _aLa rotonda del infierno :
_bterror, supenso y drama en un nuevo estilo de novela dominicana
260 _aSanto Domingo :
_bLa Escalera,
_c2005.
300 _a351 p. ;
_c22 cm.
500 _aIncluye datos biográficos del autor en la solapa de la cubierta
999 _c43747
_d43747